00597nam a2200181Ia 4500001001000000003000500010008004100015010001100056040000900067082002000076100001600096245008700112300001000199440001600209500011600225650005700341700001700398Para_8568CHAP220125s9999 xx 000 0 und d a207379 cCHAP aPA-C 595.752 A6 aBaker, A.C. aMorphology and biology of the green apple aphis /c by A.C. Baker and W.F. Turner a40 p. aAphidae; 22 aSobretiro de: Journal of agricultural research 5 (21): 955-994, 1916. Encuadernado con otros impresos similares ax Afididos x Colecciones de escritos x Aphis pomi aTurner, W.F.